The subtle knife / (Record no. 513)

MARC details
000 -LEADER
fixed length control field 01410cam a2200385 i 4500
005 - DATE AND TIME OF LATEST TRANSACTION
control field 20230516083100.0
020 ## - INTERNATIONAL STANDARD BOOK NUMBER
International Standard Book Number 9780440418337
Qualifying information (pbk.)
020 ## - INTERNATIONAL STANDARD BOOK NUMBER
International Standard Book Number 9781407154183
Qualifying information (pbk.)
020 ## - INTERNATIONAL STANDARD BOOK NUMBER
International Standard Book Number 044041833X
Qualifying information (pbk.)
040 ## - CATALOGING SOURCE
Original cataloging agency EAU
Language of cataloging eng
Transcribing agency EAU
Description conventions rda
Modifying agency OCLCO
-- DLC
-- FISKH
050 00 - LIBRARY OF CONGRESS CALL NUMBER
Classification number PZ7.P968
Item number Su 2017
082 00 - DEWEY DECIMAL CLASSIFICATION NUMBER
Classification number 823.914
Edition number 21
100 1# - MAIN ENTRY--PERSONAL NAME
Personal name Pullman, Philip,
Dates associated with a name 1946-
Relator term author.
245 14 - TITLE STATEMENT
Title The subtle knife /
Statement of responsibility, etc. Philip Pullman.
300 ## - PHYSICAL DESCRIPTION
Extent 326 pages, 26 unnumbered pages ;
Dimensions 20 cm
490 1# - SERIES STATEMENT
Series statement His dark materials ;
Volume/sequential designation book 2
500 ## - GENERAL NOTE
General note "A Yearling Book."
520 ## - SUMMARY, ETC.
Summary, etc. As the boundaries between worlds begin to dissolve, Lyra and her daemon help Will Parry in his search for his father and for a powerful, magical knife.
521 ## - TARGET AUDIENCE NOTE
Target audience note 890 <br/>
Source Lexile
521 ## - TARGET AUDIENCE NOTE
Target audience note Q <br/>
Source Raz-Plus
650 #0 - SUBJECT ADDED ENTRY--TOPICAL TERM
Topical term or geographic name entry element Missing persons
Form subdivision Juvenile fiction.
650 #0 - SUBJECT ADDED ENTRY--TOPICAL TERM
Topical term or geographic name entry element Kidnapping
Form subdivision Juvenile fiction.
650 #1 - SUBJECT ADDED ENTRY--TOPICAL TERM
Topical term or geographic name entry element Fantasy.
650 #7 - SUBJECT ADDED ENTRY--TOPICAL TERM
Topical term or geographic name entry element Fantasy fiction, English.
Source of heading or term fast
Authority record control number or standard number (OCoLC)fst00920756
650 #7 - SUBJECT ADDED ENTRY--TOPICAL TERM
Topical term or geographic name entry element Kidnapping.
Source of heading or term fast
Authority record control number or standard number (OCoLC)fst00987322
650 #7 - SUBJECT ADDED ENTRY--TOPICAL TERM
Topical term or geographic name entry element Missing persons.
Source of heading or term fast
Authority record control number or standard number (OCoLC)fst01023702
655 #7 - INDEX TERM--GENRE/FORM
Genre/form data or focus term Fantasy fiction.
Source of term lcgft
655 #7 - INDEX TERM--GENRE/FORM
Genre/form data or focus term Novels.
Source of term lcgft
655 #7 - INDEX TERM--GENRE/FORM
Genre/form data or focus term Fiction.
Source of term fast
Authority record control number or standard number (OCoLC)fst01423787
655 #7 - INDEX TERM--GENRE/FORM
Genre/form data or focus term Juvenile works.
Source of term fast
Authority record control number or standard number (OCoLC)fst01411637
906 ## - LOCAL DATA ELEMENT F, LDF (RLIN)
a 7
b cbc
c copycat
d 2
e ncip
f 20
g y-gencatlg
942 ## - ADDED ENTRY ELEMENTS (KOHA)
Source of classification or shelving scheme Dewey Decimal Classification
Koha item type Books
Suppress in OPAC No
999 ## -
-- 513
-- 513
Holdings
Withdrawn status Lost status Source of classification or shelving scheme Damaged status Not for loan Collection Home library Current library Shelving location Date acquired Total Checkouts Full call number Barcode Date last seen Copy number Price effective from Koha item type Date last checked out
    Dewey Decimal Classification     Fiction Footprints International School Library Network Toul Kork Campus Footprints International School Library Network Toul Kork Campus A TK Campus, 4th Floor, Room B401, Fiction Bookcases (1-6) 05/16/2023   PUL 823.914 PZ7.P968 FISTK05270 05/16/2023 1 05/16/2023 Books  
    Dewey Decimal Classification     Fiction Footprints International School Library Network Toul Kork Campus Footprints International School Library Network Toul Kork Campus TTP Secondary Fiction Bookshelves 02/27/2024 1 PUL PZ7.P968 823.914 2024-0116 03/31/2026 2 02/27/2024 Books 03/26/2026